| 000 | 00647nam a2200205 a 4500 | ||
|---|---|---|---|
| 005 | 20231013063656.0 | ||
| 008 | 060331s2004 000 eng d | ||
| 020 | _a9582007664 | ||
| 035 | _aUPN01000144845 | ||
| 049 | _aCG | ||
| 050 | 4 |
_aQ180.55 M4 _bC3.3 |
|
| 100 | 1 |
_aCastillo Sánchez, Mauricio _937388 |
|
| 245 | 1 | 0 |
_aGuía para la formulación de proyectos de investigación / _cMauricio Castillo Sánchez. |
| 260 |
_aBogotá : _bCooperativa Editorial Magisterio, _c2004. |
||
| 300 | _a132 p. | ||
| 440 | 0 | _aAlma mater | |
| 650 | 4 |
_aInvestigación _xMetodología _95209 |
|
| 650 | 2 |
_aProyectos de investigación _914388 |
|
| 905 | _aLibro | ||
| 999 |
_c116992 _d116992 |
||